15 plus gros producteurs d'or mondiaux - Statistiques

Statistiques générales
  • Ce quiz a été pris 114 fois
  • Le résultat moyen est 10 sur 15
Statistiques - réponses
Production en Tonnes Réponse % Correct
210,8 Etats Unis
98%
462 Chine
97%
90,5 Brésil
92%
151,3 Canada
92%
266,2 Russie
92%
167,9 Afrique du sud
89%
272,4 Australie
84%
110,4 Mexique
83%
60 Argentine
82%
89,5 Indonésie
70%
171 Pérou
64%
104,1 Ghana
17%
49,2 Kazakstan
16%
85 Ouzbékistan
15%
67,2 Papouasie Nouvelle Guinée
11%
Aucun quiz correspondant
Distribution des résultats
% des personnes avec chaque résultat
Percentile par nombre de réponses
Votre historique - résultats
Vous n’avez pas pris ce quiz